000 00821nam a2200337Ia 4500
001 8031
005 20240113234047.0
007 ta
008 050715s1966 a g b000 u eng u
020 _a81-86599-53-3
040 _aCotton College,Assam
041 _aeng
082 _a631.4
_bP 661 So
100 _aPiper, C.S. .
245 0 _aSoil and Plant Analysis /
_cC.S. Piper.
_hTextual Documents
250 _a1st ed /
260 _aBombay :
_bHans Publishers ,
_c1966.
300 _axiv, 368p. :
_bill ;
_c22cm. .
504 _aIndex
653 _aBotany
653 _aAgriculture
653 _aPlant, Analysis
653 _aSoil
653 _aG-Technology
942 _2ddc
_cBK
999 _c8018
_d8018